Volební systémy postkomunistických zemí

Salvato in:
Dettagli Bibliografici
Autore principale: Šedo, Jakub
Natura: Libro
Lingua:ceco
Pubblicazione: Brno Centrum pro studium demokracie a kultury 2007
Serie:Srovnávací politologie Svazek č. 9
Soggetti:
Tags: Aggiungi Tag
Nessun Tag, puoi essere il primo ad aggiungerne!!

MARC

LEADER 00000nam$a2200000$$$4500
001 0080317
005 20240313090604.0
020 |a 978-80-7325-137-6 
041 0 |a cze 
044 |a CZ 
245 1 0 |a Volební systémy postkomunistických zemí  |c Jakub Šedo 
264 1 |a Brno  |b Centrum pro studium demokracie a kultury  |c 2007 
300 |a 419 s. 
490 1 |a Srovnávací politologie  |v Svazek č. 9 
830 0 |a Srovnávací politologie  |v Svazek č. 9 
610 2 0 |a voľby 
610 2 0 |a reformy 
610 2 0 |a právo volebné 
610 2 0 |a kampane volebné 
610 2 0 |a strany politické 
610 2 0 |a demokratizácia 
610 2 0 |a systémy politické 
610 2 0 |a porovnanie medzinárodné 
610 2 0 |a výskum 
100 1 |a Šedo, Jakub